000 00363nam a2200145Ia 4500
005 20260328101517.0
008 260328s9999||||xx |||||||||||||| ||und||
100 _aChombart de Lauwe, Paul Henry
245 0 _aHombres y Ciudades /
_cPaul Henry Chombart de Lauwe
250 _aOriginal
260 _bLabor
300 _a289 p.
650 _aURBANISMO
942 _cBK
999 _c9446
_d9446